A STUDY TO EVALUATE MILLIGAN MORGAN HEMORROIDECTOMY VERSUS PILE SUTURE METHOD IN MANAGEMENTOF HEMORRHOIDS (Record no. 33182)

MARC details
000 -LEADER
fixed length control field 00377nam a22001457a 4500
003 - CONTROL NUMBER IDENTIFIER
control field SGT
082 ## - DEWEY DECIMAL CLASSIFICATION NUMBER
Classification number 617
Item number S21A
100 ## - MAIN ENTRY--PERSONAL NAME
Personal name ADITYA
245 ## - TITLE STATEMENT
Title A STUDY TO EVALUATE MILLIGAN MORGAN HEMORROIDECTOMY VERSUS PILE SUTURE METHOD IN MANAGEMENTOF HEMORRHOIDS
260 ## - PUBLICATION, DISTRIBUTION, ETC. (IMPRINT)
Year of Publication 2021
Place of publication, distribution, etc GURUGRAM
Name of publisher, distributor, etc SGTU
300 ## - PAGE DESCRIPTION
No. of Pages 96
650 ## - SUBJECT ADDED ENTRY--TOPICAL TERM
Topical term or geographic name as entry element GENERAL SURGERY
653 ## - KEYWORDS--INDEX TERM
Keyword term MS
942 ## - ADDED ENTRY ELEMENTS (KOHA)
Source of classification or shelving scheme Dewey Decimal Classification
Koha item type Thesis/Dissertation
Holdings
Withdrawn status Lost status Source of classification or shelving scheme Damaged status Not for loan Home library Current library Shelving location Date acquired Total Checkouts Full call number Accession No. (Barcode) Date last seen Bill Date Koha item type
    Dewey Decimal Classification   Not For Loan SGT Medical Library SGT Medical Library Reference Book 12/11/2025   617 S21A DT2464 12/11/2025 12/11/2025 Thesis/Dissertation